Inflation, disinflation, and growth
Na minha lista:
| Autor principal: | |
|---|---|
| Outros Autores: | |
| Formato: | Livro |
| Idioma: | inglês |
| Publicado em: |
Washington
IMF
1998
|
| Colecção: | IMF working paper
WP/98/68 |
| Assuntos: | |
| Tags: |
Sem tags, seja o primeiro a adicionar uma tag!
|
MARC
| LEADER | 00000nam a2200000 4500 | ||
|---|---|---|---|
| 001 | c106287 | ||
| 005 | 20221221082639.3 | ||
| 041 | 0 | |a eng | |
| 044 | |a US | ||
| 245 | 1 | 0 | |a Inflation, disinflation, and growth |c Prepared by Atish Ghosh and Steven Phillips |
| 264 | 1 | |a Washington |b IMF |c 1998 | |
| 300 | |a 44 s. | ||
| 490 | 1 | |a IMF working paper |v WP/98/68 | |
| 830 | 0 | |a IMF working paper |v WP/98/68 | |
| 610 | 2 | 0 | |a inflácia |
| 610 | 2 | 0 | |a deflácia |
| 610 | 2 | 0 | |a rast hospodársky |
| 610 | 2 | 0 | |a ukazovatele ekonomické |
| 610 | 2 | 0 | |a regresia |
| 610 | 2 | 0 | |a miera inflácie |
| 610 | 2 | 0 | |a produkt domáci hrubý |
| 610 | 2 | 0 | |a údaje štatistické |
| 610 | 2 | 0 | |a kolísanie kurzu |
| 610 | 2 | 0 | |a kurz menový |
| 610 | 2 | 0 | |a odhad štatistický |
| 610 | 2 | 0 | |a modely |
| 100 | 1 | |a Ghosh, Atish | |
| 700 | 1 | |a Phillips, Steven | |